000 00734nam a2200253Ia 4500
003 OSt
005 20220925215424.0
006 a|||||r|||| 00| 0
007 ta
008 220923b |||||||| |||| 00| 0 eng d
037 _cGeneral Book
040 _aRTL
_cRTL
_beng
041 _2eng
_aeng
082 _aX91.3.N7, L1
100 _aLund P
_9282833
245 0 _aThree studies on small firms
260 _aLondon
_bHMSO UK
_c1971
300 _a122p. Bib p. 121-22
_ccm.
490 _aGreat Britain Committee on inquiry on small firms research report
650 _aIndustrial Economics
700 _a Miner D
_9282834
942 _hX91.3.N7, L1
_cGB
_2CC
999 _c568756
_d568756